Southville International School and Colleges
Your cart is empty.
  • Cart
  • Lists
    Public lists Eva Luna New books Lux_list list_1
    Your lists Log in to create your own lists
  • Log in to your account
  • Your cookies
  • Search history
Southville International School and Colleges
  • Advanced search
  • Recent comments
  • Most popular
  • Libraries

Log in to your account

Log in with GOOGLE


If you do not have an external account, but do have a local account, you can still log in:

  1. Home
  2. MARC view: Alab ng lahi:
Normal view MARC view ISBD view

Alab ng lahi: (Record no. 6714)

[ view plain ]
MARC details
000 -LEADER
fixed length control field 00587nam a22002057a 4500
003 - CONTROL NUMBER IDENTIFIER
control field SISC
005 - DATE AND TIME OF LATEST TRANSACTION
control field 20160628101748.0
008 - FIXED-LENGTH DATA ELEMENTS--GENERAL INFORMATION
fixed length control field 160628b xxu||||| |||| 00| 0 eng d
020 ## - INTERNATIONAL STANDARD BOOK NUMBER
International Standard Book Number 978-971-07-2715-5
050 ## - LIBRARY OF CONGRESS CALL NUMBER
Classification number PL 6061.2
Item number .J63 2011
082 ## - DEWEY DECIMAL CLASSIFICATION NUMBER
Classification number TR 398.2
Item number M977 2011
100 ## - MAIN ENTRY--PERSONAL NAME
Personal name Murillo, Lydia
9 (RLIN) 716
245 ## - TITLE STATEMENT
Title Alab ng lahi:
Statement of responsibility, etc Lydia R. Murillo
Remainder of title ibong adarna /
260 ## - PUBLICATION, DISTRIBUTION, ETC. (IMPRINT)
Place of publication, distribution, etc Quezon City, Philippines :
Name of publisher, distributor, etc Vibal Publishing,
Date of publication, distribution, etc 2011.
300 ## - PHYSICAL DESCRIPTION
Extent 202 p.
Dimensions 25 cm.
Other physical details col. : ill. ;
562 ## - COPY AND VERSION IDENTIFICATION NOTE
Number of copies 1
650 ## - SUBJECT ADDED ENTRY--TOPICAL TERM
Topical term or geographic name as entry element Folklore
General subdivision Philippines
9 (RLIN) 717
942 ## - ADDED ENTRY ELEMENTS (KOHA)
Source of classification or shelving scheme Library of Congress Classification
Koha item type Books
Holdings
Withdrawn status Lost status Source of classification or shelving scheme Damaged status Home library Current library Shelving location Date acquired Total Checkouts Full call number Barcode Date last seen Copy number Price effective from Koha item type Source of acquisition Sub Shelving location Total Renewals Date checked out
    Library of Congress Classification   Luxembourg Library Luxembourg Library Teachers Reference Section 07/16/2013   PL 6063 .Al316 2011 19327 08/13/2013 1 07/16/2013 Books        
    Library of Congress Classification   Luxembourg Library Luxembourg Library Filipiniana Section 06/28/2016 1 PL 6061.2 .J63 2011 19583 03/05/2020   06/28/2016 Books Library Fund   1 02/11/2020

Alab ng lahi:

APA

Murillo L., . (2011). Alab ng lahi. Quezon City, Philippines: Vibal Publishing.

Chicago

Murillo Lydia, . 2011. Alab ng lahi. Quezon City, Philippines: Vibal Publishing.

Harvard

Murillo L., . (2011). Alab ng lahi. Quezon City, Philippines: Vibal Publishing.

MLA

Murillo Lydia, . Alab ng lahi. Quezon City, Philippines: Vibal Publishing. 2011.

  • Place hold
  • Print
  • Cite
  • Add to your cart (remove)
  • Save record
    BIBTEX Dublin Core MARCXML MARC (non-Unicode/MARC-8) MARC (Unicode/UTF-8) MARC (Unicode/UTF-8, Standard) MODS (XML) RIS
  • More searches
    Search for this title in:
    Other Libraries (WorldCat) Other Databases (Google Scholar) Online Stores (Bookfinder.com) Open Library (openlibrary.org)

Exporting to Dublin Core...

SOUTHVILLE LIBRARY

Southville International School and Colleges Library

1281 Tropical Ave. Cor. Luxembourg St., BF Homes International, Las Pinas City

Tel. No. 8256374 / 252358 Loc. 117/146

Powered by Koha